00433nam a22000977a 4500082001900000100004100019245023000060250000800290260002700298300001000325 aTNC C4x42 W119 aWade,E.C.S. and Phillips, G. Godfrey aConstitutional law :bAn outline of the law and practice of the constitution , including central and local government and the constitutional relations of the British commonwealth and empirecE.C.S. Wade and G.Godfrey Phillips a4th aLondonbLongmansc1950 a535p.